Desmilitarización en Honduras (primera parte)

Guardat en:
Dades bibliogràfiques
Format: Text
Matèries:
Etiquetes: Afegir etiqueta
Sense etiquetes, Sigues el primer a etiquetar aquest registre!

MARC

LEADER 00000 a a2200000 04500
001 6242
003
040
245 |a Desmilitarización en Honduras (primera parte)  
650 |a MILITARISMO  
650 |a GOBIERNO  
650 |a FUERZAS ARMADAS  
650 |a DESAPARICIONES  
650 |a DESARROLLO POLITICO  
773 |g volumen 18, número 809; páginas 10-11  
999 |c 37295  |d 37295